Farmers of forty centuries / (Record no. 6519)

MARC details
000 -LEADER
fixed length control field 00925cam a2200253K 4500
001 - CONTROL NUMBER
control field BD-DhSAU 6519
003 - CONTROL NUMBER IDENTIFIER
control field BD-DhSAU
005 - DATE AND TIME OF LATEST TRANSACTION
control field 20150509152000.0
008 - FIXED-LENGTH DATA ELEMENTS--GENERAL INFORMATION
fixed length control field 100311s1927 nyuab r 001 0 eng d
040 ## - CATALOGING SOURCE
Original cataloging agency BD-DhSAU
082 04 - DEWEY DECIMAL CLASSIFICATION NUMBER
Classification number 630
Item number KIF
Edition number 22
100 1# - MAIN ENTRY--PERSONAL NAME
Personal name King, F. H.
Fuller form of name (Franklin Hiram),
Dates associated with a name 1848-1911.
245 10 - TITLE STATEMENT
Title Farmers of forty centuries /
Remainder of title or, Permanent agriculture in China, Korea and Japan /
Statement of responsibility, etc. By F.H. King. Edited by J.P. Bruce.
260 ## - PUBLICATION, DISTRIBUTION, ETC. (IMPRINT)
Place of publication, distribution, etc. New York :
Name of publisher, distributor, etc. Harcourt & Brace,
Date of publication, distribution, etc. c1927.
300 ## - PHYSICAL DESCRIPTION
Extent 379 p. :
Other physical details ill. ;
Dimensions 21 cm.
504 ## - BIBLIOGRAPHY, ETC. NOTE
Bibliography, etc Includes index.
590 ## - Name of Cataloguer
Name of Cataloger joy
650 #0 - SUBJECT ADDED ENTRY--TOPICAL TERM
Topical term or geographic name as entry element Agriculture
Geographic subdivision China.
650 #0 - SUBJECT ADDED ENTRY--TOPICAL TERM
Topical term or geographic name as entry element Agriculture
Geographic subdivision Japan.
650 #0 - SUBJECT ADDED ENTRY--TOPICAL TERM
Topical term or geographic name as entry element Agriculture
Geographic subdivision Korea.
650 #0 - SUBJECT ADDED ENTRY--TOPICAL TERM
Topical term or geographic name as entry element Agronomy.
700 1# - ADDED ENTRY--PERSONAL NAME
Personal name Bruce, J. Percy
Fuller form of name (Joseph Percy),
Dates associated with a name b. 1861.
776 08 - ADDITIONAL PHYSICAL FORM ENTRY
Relationship information Print version:
Main entry heading King, F. H. (Franklin Hiram), 1848-1911.
Title Farmers of forty centuries.
Place, publisher, and date of publication New York, Harcourt & Brace [1927]
Record control number (OCoLC)1168260
942 ## - ADDED ENTRY ELEMENTS (KOHA)
Source of classification or shelving scheme Dewey Decimal Classification
Koha item type Book
Holdings
Withdrawn status Lost status Source of classification or shelving scheme Damaged status Not for loan Collection code Home library Branch Name Shelving location Date acquired Total Checkouts Full call number Barcode Date last seen Price effective from Koha item type
    Dewey Decimal Classification   Not For Loan Reference SAU Library SAU Library Reference 09/05/2015   630 KIF 804 09/05/2015 09/05/2015 Book